| 000 | 01058 a2200217 4500 | ||
|---|---|---|---|
| 003 | Nust | ||
| 005 | 20230213124829.0 | ||
| 010 | _a 75000963 | ||
| 020 |
_a0679505636 : _a0679302875 |
||
| 040 | _cNust | ||
| 082 | 0 | 0 | _a973,SHA |
| 100 | 1 |
_aSharkansky, Ira. _9109009 |
|
| 245 | 1 | 4 |
_aThe United States : _ba study of a developing country / _cIra Sharkansky. |
| 260 |
_aNew York : _bD. McKay Co., _c[1975] |
||
| 300 |
_axiii, 187 p. ; _c22 cm. |
||
| 505 | _aWhy we Should View the United States as a Developing Country (Page-1), How Developed is the United States (Page-19), Less-Developed States and Countries (Page-38), Less-Developed Urban Sectors (Page-71), Racial Dualism (Page-98), Economic Growth Threat to Society or Engine of Social Progress (Page-131), Why Should we View the United States as a Developing Country (Page-162). | ||
| 651 | 0 |
_aUnited States _xEconomic conditions _y1971-1981. _994661 |
|
| 651 | 0 |
_aUnited States _xEconomic policy _y1971-1981. _994662 |
|
| 651 | 0 |
_aUnited States _xSocial conditions _y1960-1980. _9104738 |
|
| 942 |
_2ddc _cBK |
||
| 999 |
_c187587 _d187587 |
||